[Event "Quebec op"]
[Site "Montreal"]
[Date "1988.07.30"]
[Round "7"]
[White "Zalys, Ignas"]
[Black "Morin, Roch"]
[Result "0-1"]
[WhiteElo "1895"]
[BlackElo "2031"]
[PlyCount "48"]
[EventDate "1988.07.24"]
[EventType "swiss"]
[EventRounds "8"]
[EventCountry "CAN"]
[SourceTitle "EXT 2002"]
[Source "ChessBase"]
[SourceDate "2001.11.25"]
[SourceVersion "1"]
[SourceVersionDate "2001.11.25"]
[SourceQuality "1"]

1. e4 e5 2. Nf3 Nc6 3. Bb5 f5 4. Nc3 fxe4 5. Nxe4 d5 6. Ng3 Bg4 7. h3 Bxf3 8. Qxf3 Nf6 9. c4 e4 10. Qe2 Bc5 11. 0-0 0-0 12. cxd5 Nd4 13. Qc4 Qd6 14. Kh1 a6 15. b4 Ba7 16. Ba4 b5 17. Qc3 bxa4 18. d3 Nxd5 19. Qc4 exd3 20. Ne4 Qc6 21. Nc5 Bxc5 22. bxc5 Ne6 23. Qxd3 Ndf4 24. Qg3 Rf6 0-1

[Event "Quebec op"]
[Site "Montreal"]
[Date "1988.07.??"]
[Round "?"]
[White "Klarner, William R"]
[Black "Morin, Roch"]
[Result "1/2-1/2"]
[WhiteElo "2235"]
[BlackElo "2031"]
[PlyCount "98"]
[EventDate "1988.07.24"]
[EventType "swiss"]
[EventRounds "8"]
[EventCountry "CAN"]
[SourceTitle "EXT 2022"]
[Source "ChessBase"]
[SourceDate "2021.10.06"]
[SourceVersion "1"]
[SourceVersionDate "2021.10.06"]
[SourceQuality "1"]

1. e4 e5 2. Bc4 Nf6 3. d3 c6 4. Nf3 Be7 5. 0-0 d6 6. c3 0-0 7. Nbd2 Nbd7 8. Re1 Qc7 9. Bb3 Nc5 10. Bc2 Ne6 11. Nf1 Ne8 12. d4 f6 13. Bb3 Kh8 14. Nh4 g6 15. Qd2 Bd8 16. Qh6 Rg8 17. g3 Be7 18. Qe3 Rg7 19. f4 Nf8 20. f5 g5 21. Ng2 a5 22. Qf3 a4 23. Bc2 Bd8 24. h4 g4 25. Qe2 h5 26. Bh6 Rg8 27. Qd2 Qh7 28. Kh2 exd4 29. cxd4 Ba5 30. Qe3 Bxe1 31. Rxe1 Nd7 32. Bf4 Qe7 33. Qa3 c5 34. Bb3 cxd4 35. Bxg8 Kxg8 36. Nd2 Ne5 37. Rc1 Bd7 38. Ne1 Bc6 39. Qb4 Qf7 40. a3 d3 41. Rc3 d5 42. Bxe5 fxe5 43. Nxd3 dxe4 44. Nxe5 Qxf5 45. Qc4+ Kg7 46. Qd4 Rd8 47. Qxd8 Qf2+ 48. Kh1 e3+ 49. Rxc6 Qe1+ 1/2-1/2

[Event "Quebec op"]
[Site "Montreal"]
[Date "1987.08.02"]
[Round "8"]
[White "Morin, Roch"]
[Black "Levtchouk, George"]
[Result "0-1"]
[WhiteElo "1905"]
[BlackElo "2330"]
[PlyCount "135"]
[EventDate "1987.07.26"]
[EventType "swiss"]
[EventRounds "8"]
[EventCountry "CAN"]
[SourceTitle "EXT 2022"]
[Source "ChessBase"]
[SourceDate "2021.10.06"]
[SourceVersion "1"]
[SourceVersionDate "2021.10.06"]
[SourceQuality "1"]

1. e4 g6 2. d4 Bg7 3. Nf3 d6 4. Bc4 Nf6 5. Nc3 0-0 6. 0-0 c6 7. h3 b5 8. Bd3 Nbd7 9. e5 Ne8 10. Be4 Qb6 11. Be3 b4 12. Ne2 Qc7 13. Bg5 dxe5 14. Bxe7 Nef6 15. Bxf8 Nxf8 16. Qd3 Nxe4 17. Qxe4 exd4 18. Nexd4 Bb7 19. Rfe1 c5 20. Qe7 Qxe7 21. Rxe7 Bd5 22. Nb5 Bxb2 23. Rd1 Bxa2 24. Nxa7 c4 25. Nc6 b3 26. cxb3 Bxb3 27. Rb1 c3 28. Ncd4 Bc4 29. Ne1 Rd8 30. Ndc2 Ba2 31. Ra1 Bxa1 32. Nxa1 Rd1 33. Nac2 Bb3 34. Kh2 Rd2 35. Na1 Bd1 36. Rb7 Rb2 37. Ra7 Rxf2 38. Ra3 Re2 39. Nd3 c2 40. Nc1 Rd2 41. Rc3 Ne6 42. Ncb3 c1Q 43. Rxc1 Rd3 44. Nc5 Nxc5 45. Rxc5 Rd2 46. Rc3 Rb2 47. Kg3 Kg7 48. Rd3 Ba4 49. Rc3 Ra2 50. Rc1 Kf6 51. Kf3 Ke5 52. g3 Kd4 53. Re1 f6 54. g4 Kd3 55. h4 Kd2 56. Rb1 Kc3 57. Kg3 Kd2 58. h5 g5 59. h6 Ra3+ 60. Kh2 Bd1 61. Rb2+ Kc1 62. Rb7 Rxa1 63. Rxh7 Bxg4 64. Rf7 f5 65. h7 Ra2+ 66. Kg1 Ra8 67. Rd7 Rh8 68. Kg2 0-1